| 000 | 01512nam1a22002411i 4500 | ||
|---|---|---|---|
| 001 | rc\3238414 | ||
| 005 | 20260407044008.0 | ||
| 035 | _a(NLR Aleph) 007474768 | ||
| 090 |
_a7453613 _c7453613 |
||
| 100 | _a20130115g1974 |||y0rusy50 ca | ||
| 101 | 0 | _arus | |
| 102 | _aRU | ||
| 105 | _ay c ||||| | ||
| 200 | 1 |
_aУказатель нормативно-технических документов, действующих в отрасли промышленности медицинской техники _e[По состоянию на 1 VIII 1974 г.] _eКн. 1- _fМ-во мед. пром-сти. Всесоюз. науч.-исслед. ин-т мед. приборостроения |
|
| 210 |
_a[Москва] _cБ. и. _d1974- |
||
| 215 | _d21 | ||
| 300 | _aЗагл. Кн. 2: Указатель нормативно-технических документов и технических условий, действующих... | ||
| 517 | 0 | _aУказатель нормативно-технических документов и технических условий, действующих в отрасли промышленности медицинской техники | |
| 606 |
_aМедицинская техника _jНормативные и руководящие материалы _jУказатели _2psbo |
||
| 712 | 0 | 2 |
_aВНИИ медицинского приборостроения _9530927 _3RU\NLR\AUTH\8810016534 |
| 801 | 0 |
_aRU _bNLR _gpsbo |
|
| 801 | 1 |
_aRU _bELAR _2rusmarc |
|
| 942 | _cBOOK | ||